Art and ritual in Golden-Age Spain : Sevillian confraternities and the processional sculpture of Holy Week /
Drawing on extensive archival evidence and contemporary chronicles, Webster is among the first to examine in depth Spanish processional sculpture, its patrons, and its ritual function. Her inquiry wends through a wide variety of arenas - artistic, religious, social, cultural, and political - to prov...
Saved in:
| Main Author: | |
|---|---|
| Format: | Book |
| Language: | English |
| Published: |
Princeton, N.J. :
Princeton University Press,
1998.
|
| Subjects: | |
| Tags: |
Add Tag
No Tags, Be the first to tag this record!
|
| LEADER | 02103nam a2200325 a 4500 | ||
|---|---|---|---|
| 001 | 007855446-2 | ||
| 005 | 20070901120435.0 | ||
| 008 | 980206s1998 njua b 001 0 eng | ||
| 010 | |a 98012785 | ||
| 020 | |a 0691048193 (hardcover : alk. paper) | ||
| 035 | 0 | |a ocm38468550 | |
| 040 | |a DLC |c DLC |d MH-FA | ||
| 043 | |a e-sp--- | ||
| 050 | 0 | 0 | |a NB811.S48 |b W43 1998 |
| 082 | 0 | 0 | |a 730/.946/86 |2 21 |
| 100 | 1 | |a Webster, Susan Verdi, |d 1959- | |
| 245 | 1 | 0 | |a Art and ritual in Golden-Age Spain : |b Sevillian confraternities and the processional sculpture of Holy Week / |c Susan Verdi Webster. |
| 260 | |a Princeton, N.J. : |b Princeton University Press, |c 1998. | ||
| 300 | |a xxi, 298 p. : |b ill. (some col.) ; |c 24 cm. | ||
| 504 | |a Includes bibliographical references (p. 269-285) and index. | ||
| 505 | 0 | 0 | |g Ch. 1. |t The Patrons: Penitential Confraternities in Seville -- |g Ch. 2. |t Processional Sculpture -- |g Ch. 3. |t Costumes and Scenography -- |g Ch. 4. |t The Ritual Context: Holy Week Processions -- |g Ch. 5. |t Public Response to the Sculptures -- |g App. I. |t Spanish Measurements and Currency -- |g App. II. |t The Artists of Extant Sevillian Processional Images -- |g App. III. |t Inventory of the Confraternity of Montserrat (1701) -- |g App. IV. |t Processional Order of Confraternities in the Sixteenth and Seventeenth Centuries. |
| 520 | |a Drawing on extensive archival evidence and contemporary chronicles, Webster is among the first to examine in depth Spanish processional sculpture, its patrons, and its ritual function. Her inquiry wends through a wide variety of arenas - artistic, religious, social, cultural, and political - to provide a fascinating perspective on popular religious devotion in Golden-Age Spain and on a previously undervalued dimension of Spanish sculpture. | ||
| 650 | 0 | |a Sculpture, Spanish |z Spain |z Seville. | |
| 650 | 0 | |a Sculpture, Modern |z Spain |z Seville. | |
| 650 | 0 | |a Polychromy |z Spain |z Seville. | |
| 650 | 0 | |a Holy Week |z Spain |z Seville. | |
| 650 | 0 | |a Processions, Religious |z Spain |z Seville |x Catholic Church. | |
| 650 | 0 | |a Confraternities |z Spain |z Seville. | |
| 988 | |a 20020608 | ||
| 906 | |0 DLC | ||


